| 000 | 00944cam a2200277 4500 | ||
|---|---|---|---|
| 008 | 090401t1996 xxu||||| |||| 00| 0 eng d | ||
| 020 | _a1874797765 | ||
| 035 | _a(Sirsi) u3749 | ||
| 041 | _aeng | ||
| 050 |
_a306.9 _c18 |
||
| 100 | _aBevan, Mark | ||
| 245 | _aPrivate renting in rural areas. | ||
| 260 |
_aYork _bUniversity of York Centre for Housing Policy _c1996 |
||
| 300 |
_ax,131p. _c24cm. |
||
| 350 | _a10 | ||
| 490 | _aUniversity of York Centre for Housing Policy Research Report | ||
| 520 | _aExplores the current position of the rural private rented sector, examining the role and postion of the landlord, the management issues of rural property and the future market for this sector. | ||
| 650 | _aPRIVATE RENTED SECTOR | ||
| 650 | _aRURAL HOUSING | ||
| 650 | _aTIED COTTAGES | ||
| 690 | _aHOUSING | ||
| 700 | _aSanderling, Lora | ||
| 710 |
_aCentre for Housing Policy _92321 |
||
| 942 | _n0 | ||
| 948 | _c04/03/1997 | ||
| 999 |
_c85928 _d85928 |
||